Стратегия занятости: предотвращение безработицы (Политико-экономический аспект)

Dades bibliogràfiques
Autor principal: Мацкуляк И. Д. Иван Дмитриевич
Sumari:Исключено из фонда НТБ ТПУ
Idioma:rus
Publicat: Москва, Экономика, 1990
Format: MixedMaterials Llibre
KOHA link:https://koha.lib.tpu.ru/cgi-bin/koha/opac-detail.pl?biblionumber=221587

MARC

LEADER 00000nam0a2200000 4500
001 221587
005 20231031195719.0
010 |a 5282005077 
020 |a RU  |b 90-13450 
035 |a (RuTPU)RU\TPU\book\241761 
090 |a 221587 
100 |a 20120912d1990 k y0rusy5003 ca 
101 0 |a rus 
102 |a RU 
105 |a y z 000zy 
200 1 |a Стратегия занятости: предотвращение безработицы (Политико-экономический аспект)  |f И. Д. Мацкуляк 
210 |a Москва  |c Экономика  |d 1990 
215 |a 207 с.  |d 17 см. 
333 |a Исключено из фонда НТБ ТПУ 
700 1 |a Мацкуляк  |b И. Д.  |g Иван Дмитриевич  |4 070 
801 0 |a RU  |b RuMRKP  |c 19950417  |g psbo 
801 1 |a RU  |b 63413507  |c 20120912 
801 2 |a RU  |b 63413507  |c 20170130  |g RCR 
942 |c BK